000 00329nam a2200145Ia 4500
008 230917s9999||||xx |||||||||||||| ||und||
040 _e108014
_aMAIN
041 _aEnglish
082 _a657 I2N
100 _aICFAI
245 0 _aNew vistas in accounting. V2
260 _aHyderabad
_bICFAI
300 _a194 p.
942 _cBK
999 _c123125
_d123125